Anglo-český slovníček výrazů z podnikového hospodářství, zvláště z podnikového početnictví

Gespeichert in:
Bibliographische Detailangaben
Format: Buch
Sprache:Tschechisch
Englisch
Veröffentlicht: Praha Tiskové podniky - Průmyslová služba 1949
Tags: Tag hinzufügen
Keine Tags, Fügen Sie das erste Tag hinzu!

MARC

LEADER 00000nam a2200000 4500
001 0314628
005 20260129125059.3
041 0 |a cze 
041 0 |a eng 
044 |a CZ 
245 1 0 |a Anglo-český slovníček výrazů z podnikového hospodářství, zvláště z podnikového početnictví  |c Marie Stibicová 
264 1 |a Praha  |b Tiskové podniky - Průmyslová služba  |c 1949